LIBRARY & INFORMATION CENTRE, KCAET, TAVANUR

ONLINE PUBLIC ACCESS CATALOGUE (OPAC)

Nanotechnology for Water Treatment and Purification (Record no. 14617)

MARC details
000 -LEADER
fixed length control field 00334nam a22001217a 4500
020 ## - INTERNATIONAL STANDARD BOOK NUMBER
ISBN 9783319065779
082 ## - DEWEY DECIMAL CLASSIFICATION NUMBER
Classification number 628.162
Item number HU/NAN
245 ## - TITLE STATEMENT
Title Nanotechnology for Water Treatment and Purification
260 ## - PUBLICATION, DISTRIBUTION, ETC. (IMPRINT)
Place of publication New York
Name of publisher Springer
Year of publication 2014
300 ## - PHYSICAL DESCRIPTION
Number of Pages 373
490 ## - SERIES STATEMENT
Series statement Lecture Notes in Nanoscale Science and Technology 22
942 ## - ADDED ENTRY ELEMENTS (KOHA)
Koha item type Books
Holdings
Withdrawn status Lost status Damaged status Collection code Home library Current library Shelving location Date acquired Source of acquisition Cost, normal purchase price Full call number Accession Number Koha item type
        KAUAET KAUAET General Stacks 21/07/2016 Dream Tech, Trivandrum 9749.25 628.162 HU/NAN 24786 Books
free website counter